[Event "Australian-ch 2020"]
[Site "Kogarah"]
[Date "2020.01.04"]
[Round "3.4"]
[White "Solomon, Stephen J"]
[Black "Puccini, Jack"]
[Result "1/2-1/2"]
[WhiteElo "2319"]
[BlackElo "2265"]
[Annotator "RC"]
[PlyCount "275"]
[EventDate "2020.01.02"]
[EventType "swiss"]
[EventCountry "AUS"]
[SourceTitle "playchess.com"]
[Source "ChessBase"]
[SourceQuality "1"]
[TimeControl "40/5400+30:1800+30"]

1. e4 {[%emt 0:00:36]} c5 {[%emt 0:00:00]} 2. Nf3 {[%emt 0:00:10]} d6 {[%emt 0:00:00]} 3. d4 {[%emt 0:00:30]} cxd4 {[%emt 0:00:00]} 4. Nxd4 {[%emt 0:00:11]} Nf6 {[%emt 0:00:00]} 5. Nc3 {[%emt 0:00:09]} a6 {[%emt 0:00:03]} 6. Bg5 {[%emt 0:01:32]} Nbd7 {[%emt 0:00:11]} 7. Bc4 {[%emt 0:00:16]} Qb6 {[%emt 0:00:08]} 8. Bb3 {[%emt 0:03:01]} e6 {[%emt 0:00:30]} 9. Qd2 {[%emt 0:01:03]} Nc5 {[%emt 0:00:28]} 10. f3 {[%emt 0:01:15]} Qc7 {[%emt 0:02:05]} 11. O-O-O {[%emt 0:00:23]} Be7 {[%emt 0:00:29]} 12. g4 {[%emt 0:04:07]} b5 {[%emt 0:05:36]} 13. a3 {[%emt 0:01:01]} Nxb3+ {[%emt 0:07:16]} 14. cxb3 {[%emt 0:05:34]} O-O {[%emt 0:04:35]} 15. Kb1 {[%emt 0:02:41]} Qb7 {[%emt 0:03:56]} 16. b4 {[%emt 0:13:40]} h6 {[%emt 0:34:59]} 17. h4 {[%emt 0:02:52]} a5 {[%emt 0:02:04]} 18. bxa5 {[%emt 0:06:05]} Rxa5 {[%emt 0:02:44]} 19. Na2 {[%emt 0:24:17]} Ra4 {[%emt 0:04:43]} 20. Nb4 {[%emt 0:01:54]} Rxb4 {[%emt 0:13:59]} 21. axb4 {[%emt 0:08:24]} Nxe4 {[%emt 0:00:33]} 22. fxe4 {[%emt 0:00:27]} Qxe4+ {[%emt 0:00:06]} 23. Qd3 {[%emt 0:05:11]} Qxd3+ {[%emt 0:01:45]} 24. Rxd3 {[%emt 0:01:41]} hxg5 {[%emt 0:00:08]} 25. Nc6 {[%emt 0:01:01]} Re8 {[%emt 0:08:06]} 26. Nxe7+ {[%emt 0:05:46]} Rxe7 {[%emt 0:00:05]} 27. Rxd6 {[%emt 0:06:07]} Bb7 {[%emt 0:00:23]} 28. Rh2 {[%emt 0:00:18]} Rc7 {[%emt 0:04:39]} 29. hxg5 {[%emt 0:01:09]} Kf8 {[%emt 0:03:20]} 30. Rh8+ {[%emt 0:01:19]} Ke7 {[%emt 0:00:05]} 31. Rdd8 {[%emt 0:00:10]} f6 {[%emt 0:01:15]} 32. Rhe8+ {[%emt 0:01:16]} Kf7 {[%emt 0:00:03]} 33. Rf8+ {[%emt 0:00:13]} Ke7 {[%emt 0:01:24]} 34. gxf6+ {[%emt 0:00:40]} gxf6 {[%emt 0:00:07]} 35. Rde8+ {[%emt 0:00:11]} Kd6 {[%emt 0:00:06]} 36. Rxf6 {[%emt 0:00:41]} Be4+ {[%emt 0:00:54]} 37. Ka2 {[%emt 0:00:05]} Bd5+ {[%emt 0:00:31]} 38. b3 {[%emt 0:01:49]} Rc2+ {[%emt 0:00:17]} 39. Kb1 {[%emt 0:00:08]} Rc3 {[%emt 0:00:13]} 40. Rf4 {[%emt 0:00:40]} Ke5 {[%emt 0:01:33]} 41. Ref8 {[%emt 0:30:46]} Be4+ {[%emt 0:04:53]} 42. Kb2 {[%emt 0:00:00]} Rc2+ {[%emt 0:00:05]} 43. Ka3 {[%emt 0:00:00]} Rg2 {[%emt 0:00:06]} 44. Rf2 {[%emt 0:00:00]} Rxg4 {[%emt 0:00:49]} 45. Rb8 {[%emt 0:00:00]} Bd3 {[%emt 0:01:35]} 46. Rd2 {[%emt 0:00:00]} Rg3 {[%emt 0:00:37]} 47. Kb2 {[%emt 0:00:00]} Ke4 {[%emt 0:00:47]} 48. Rd8 {[%emt 0:00:00]} e5 {[%emt 0:02:52]} 49. Rd6 {[%emt 0:00:00]} Rf3 {[%emt 0:02:00]} 50. Kc1 {[%emt 0:00:00]} Rf1+ {[%emt 0:11:01]} 51. Rd1 {[%emt 0:00:00]} Rf3 {[%emt 0:03:21]} 52. Re1+ {[%emt 0:00:00]} Kf4 {[%emt 0:00:14]} 53. Kd2 {[%emt 0:00:00]} Bf5 {[%emt 0:02:21]} 54. Rd5 {[%emt 0:00:00]} Rxb3 {[%emt 0:03:09]} 55. Rexe5 {[%emt 0:01:18]} Be4 {[%emt 0:00:56]} 56. Rxb5 {[%emt 0:03:02]} Rxb4 {[%emt 0:00:05]} 57. Ra5 {[%emt 0:01:08]} Rc4 {[%emt 0:01:18]} 58. Re8 {[%emt 0:00:17]} Rc2+ {[%emt 0:00:38]} 59. Kd1 {[%emt 0:00:19]} Rc4 {[%emt 0:00:38]} 60. Ra3 {[%emt 0:01:59]} Bf3+ {[%emt 0:01:30]} 61. Kd2 {[%emt 0:00:15]} Rd4+ {[%emt 0:00:30]} 62. Kc3 {[%emt 0:00:06]} Re4 {[%emt 0:01:07]} 63. Rf8+ {[%emt 0:00:09]} Kg3 {[%emt 0:00:15]} 64. Kd3 {[%emt 0:01:13]} Rf4 {[%emt 0:00:30]} 65. Rg8+ {[%emt 0:00:13]} Rg4 {[%emt 0:00:12]} 66. Re8 {[%emt 0:00:06]} Rg7 {[%emt 0:00:45]} 67. Ke3 {[%emt 0:00:41]} Rg6 {[%emt 0:01:17]} 68. Rf8 {[%emt 0:00:46]} Re6+ {[%emt 0:00:06]} 69. Kd2 {[%emt 0:01:10]} Re2+ {[%emt 0:00:15]} 70. Kd3 {[%emt 0:00:04]} Re4 {[%emt 0:00:43]} 71. Ra7 {[%emt 0:00:53]} Rg4 {[%emt 0:00:43]} 72. Raf7 {[%emt 0:00:23]} Bg2 {[%emt 0:00:12]} 73. Re7 {[%emt 0:00:19]} Rg5 {[%emt 0:00:33]} 74. Re3+ {[%emt 0:01:36]} Kg4 {[%emt 0:00:26]} 75. Ke2 {[%emt 0:00:20]} Bd5 {[%emt 0:00:08]} 76. Re7 {[%emt 0:01:16]} Rf5 {[%emt 0:00:25]} 77. Rd8 {[%emt 0:00:06]} Kf4 {[%emt 0:00:22]} 78. Kd3 {[%emt 0:00:15]} Bf3 {[%emt 0:00:18]} 79. Kd4 {[%emt 0:00:08]} Rf6 {[%emt 0:00:10]} 80. Kd3 {[%emt 0:00:33]} Rf5 {[%emt 0:00:31]} 81. Rd4+ {[%emt 0:00:04]} Kg5 {[%emt 0:00:05]} 82. Ke3 {[%emt 0:00:22]} Bd5 {[%emt 0:00:12]} 83. Rg7+ {[%emt 0:01:25]} Kf6 {[%emt 0:00:12]} 84. Rd7 {[%emt 0:00:07]} Re5+ {[%emt 0:00:18]} 85. Kd3 {[%emt 0:00:17]} Be6 {[%emt 0:00:10]} 86. R7d6 {[%emt 0:00:39]} Ke7 {[%emt 0:00:20]} 87. Kc3 {[%emt 0:01:23]} Re3+ {[%emt 0:00:21]} 88. Kb4 {[%emt 0:00:36]} Rb3+ {[%emt 0:00:13]} 89. Kc5 {[%emt 0:00:50]} Rc3+ {[%emt 0:00:07]} 90. Kb6 {[%emt 0:00:05]} Rb3+ {[%emt 0:00:18]} 91. Kc7 {[%emt 0:00:09]} Rc3+ {[%emt 0:00:09]} 92. Rc6 {[%emt 0:00:07]} Rxc6+ {[%emt 0:00:17]} 93. Kxc6 {[%emt 0:00:03]} Kf6 {[%emt 0:00:17]} 94. Kd6 {[%emt 0:00:03]} Bb3 {[%emt 0:00:28]} 95. Rf4+ {[%emt 0:00:03]} Kg7 {[%emt 0:00:10]} 96. Ke7 {[%emt 0:00:08]} Ba2 {[%emt 0:00:43]} 97. Rg4+ {[%emt 0:00:07]} Kh8 {[%emt 0:00:10]} 98. Rb4 {[%emt 0:00:40]} Kg7 {[%emt 0:00:37]} 99. Rb2 {[%emt 0:00:20]} Bc4 {[%emt 0:00:21]} 100. Rg2+ {[%emt 0:00:24]} Kh8 {[%emt 0:00:08]} 101. Kf6 {[%emt 0:00:31]} Bd5 {[%emt 0:01:04]} 102. Rg3 {[%emt 0:00:25]} Ba2 {[%emt 0:01:31]} 103. Rg4 {[%emt 0:00:25]} Bg8 {[%emt 0:00:58]} 104. Rb4 {[%emt 0:00:45]} Bh7 {[%emt 0:00:38]} 105. Rh4 {[%emt 0:02:39]} Kg8 {[%emt 0:00:06]} 106. Rh3 {[%emt 0:00:07]} Kh8 {[%emt 0:00:20]} 107. Rg3 {[%emt 0:00:15]} Bg8 {[%emt 0:00:21]} 108. Rg2 {[%emt 0:00:10]} Bh7 {[%emt 0:00:39]} 109. Kf7 {[%emt 0:00:05]} Bd3 {[%emt 0:01:42]} 110. Rg4 {[%emt 0:00:42]} Bh7 {[%emt 0:00:40]} 111. Rg2 {[%emt 0:01:22]} Bd3 {[%emt 0:00:22]} 112. Rg3 {[%emt 0:00:12]} Bh7 {[%emt 0:00:07]} 113. Rg4 {[%emt 0:00:32]} Bd3 {[%emt 0:00:52]} 114. Rb4 {[%emt 0:01:10]} Bc2 {[%emt 0:01:17]} 115. Rb8+ {[%emt 0:01:36]} Kh7 {[%emt 0:00:03]} 116. Rb6 {[%emt 0:00:10]} Kh8 {[%emt 0:00:42]} 117. Rb4 {[%emt 0:00:23]} Bd3 {[%emt 0:00:37]} 118. Ra4 {[%emt 0:00:44]} Bc2 {[%emt 0:00:24]} 119. Ra3 {[%emt 0:00:05]} Be4 {[%emt 0:00:24]} 120. Re3 {[%emt 0:00:37]} Bc2 {[%emt 0:00:19]} 121. Re2 {[%emt 0:00:20]} Bd3 {[%emt 0:00:18]} 122. Rd2 {[%emt 0:00:10]} Be4 {[%emt 0:00:19]} 123. Rd8+ {[%emt 0:00:23]} Kh7 {[%emt 0:00:02]} 124. Rd4 {[%emt 0:00:05]} Bg6+ {[%emt 0:00:11]} 125. Kf6 {[%emt 0:00:02]} Bc2 {[%emt 0:01:03]} 126. Rd2 {[%emt 0:00:06]} Be4 {[%emt 0:00:39]} 127. Rd7+ {[%emt 0:01:28]} Kh8 {[%emt 0:00:31]} 128. Kf7 {[%emt 0:00:17]} Bc2 {[%emt 0:00:21]} 129. Rb7 {[%emt 0:00:34]} Bd3 {[%emt 0:00:16]} 130. Rb4 {[%emt 0:00:30]} Bc2 {[%emt 0:00:18]} 131. Rb8+ {[%emt 0:01:45]} Kh7 {[%emt 0:00:02]} 132. Rb2 {[%emt 0:00:06]} Bg6+ {[%emt 0:00:03]} 133. Kf6 {[%emt 0:00:08]} Bd3 {[%emt 0:00:19]} 134. Rb7+ {[%emt 0:01:02]} Kh8 {[%emt 0:00:14]} 135. Rc7 {[%emt 0:00:03]} Be4 {[%emt 0:00:59]} 136. Rd7 {[%emt 0:00:55]} Bc2 {[%emt 0:00:10]} 137. Rd2 {[%emt 0:00:05]} Bh7 {[%emt 0:00:44]} 138. Rh2 {[%emt 0:02:20]} 1/2-1/2

[Event "Australian-ch 2020"]
[Site "Kogarah"]
[Date "2020.01.04"]
[Round "3.5"]
[White "Zhang, Jilin"]
[Black "Plant, John Stuart"]
[Result "1-0"]
[WhiteElo "2237"]
[BlackElo "1993"]
[Annotator "ChessBase"]
[PlyCount "131"]
[EventDate "2020.01.02"]
[EventType "swiss"]
[EventCountry "AUS"]
[SourceTitle "playchess.com"]
[Source "ChessBase"]
[SourceQuality "1"]
[TimeControl "40/5400+30:1800+30"]

1. e4 {[%emt 0:00:00]} Nc6 {[%emt 0:00:00]} 2. Nf3 {[%emt 0:00:10]} d6 {[%emt 0:00:00]} 3. d4 {[%emt 0:00:15]} e5 {[%emt 0:00:10]} 4. Bb5 {[%emt 0:01:33]} Bd7 {[%emt 0:00:29]} 5. O-O {[%emt 0:01:29]} Nf6 {[%emt 0:00:46]} 6. Nc3 {[%emt 0:00:53]} Be7 {[%emt 0:01:22]} 7. Re1 {[%emt 0:03:11]} exd4 {[%emt 0:02:20]} 8. Nxd4 {[%emt 0:01:07]} Nxd4 {[%emt 0:01:47]} 9. Qxd4 {[%emt 0:01:30]} Bxb5 {[%emt 0:01:53]} 10. Nxb5 {[%emt 0:00:09]} a6 {[%emt 0:00:09]} 11. Nc3 {[%emt 0:03:37]} O-O {[%emt 0:00:38]} 12. Bg5 {[%emt 0:02:15]} h6 {[%emt 0:03:13]} 13. Bh4 {[%emt 0:01:15]} Nd7 {[%emt 0:11:20]} 14. Bxe7 {[%emt 0:02:13]} Qxe7 {[%emt 0:00:15]} 15. Nd5 {[%emt 0:01:13]} Qd8 {[%emt 0:07:26]} 16. Rad1 {[%emt 0:02:16]} Re8 {[%emt 0:00:57]} 17. Re3 {[%emt 0:03:11]} Re6 {[%emt 0:06:17]} 18. Rc3 {[%emt 0:26:16]} c6 {[%emt 0:08:25]} 19. Nf4 {[%emt 0:02:30]} Rf6 {[%emt 0:02:13]} 20. Nh5 {[%emt 0:02:29]} Rg6 {[%emt 0:00:59]} 21. Rg3 {[%emt 0:00:24]} Rxg3 {[%emt 0:05:44]} 22. hxg3 {[%emt 0:00:13]} Qg5 {[%emt 0:01:01]} 23. Nf4 {[%emt 0:08:36]} Nf6 {[%emt 0:04:53]} 24. Qxd6 {[%emt 0:03:12]} Nxe4 {[%emt 0:00:35]} 25. Qb4 {[%emt 0:00:16]} Nc5 {[%emt 0:04:46]} 26. Nd5 {[%emt 0:04:48]} cxd5 {[%emt 0:05:30]} 27. Qxc5 {[%emt 0:00:06]} Qe5 {[%emt 0:00:17]} 28. Qd4 {[%emt 0:01:52]} Qe4 {[%emt 0:01:57]} 29. Qxe4 {[%emt 0:04:27]} dxe4 {[%emt 0:00:01]} 30. Rd7 {[%emt 0:00:17]} b5 {[%emt 0:00:16]} 31. c3 {[%emt 0:04:53]} g6 {[%emt 0:12:27]} 32. Kf1 {[%emt 0:01:21]} Rc8 {[%emt 0:02:20]} 33. Ke2 {[%emt 0:01:31]} Rc4 {[%emt 0:04:12]} 34. Ke3 {[%emt 0:01:30]} f5 {[%emt 0:06:58]} 35. Rd6 {[%emt 0:01:31]} Ra4 {[%emt 0:00:47]} 36. Rxg6+ {[%emt 0:07:27]} Kh7 {[%emt 0:00:58]} 37. Rf6 {[%emt 0:02:26]} Rxa2 {[%emt 0:00:09]} 38. Rxf5 {[%emt 0:01:11]} Rxb2 {[%emt 0:00:08]} 39. Rf6 {[%emt 0:00:09]} a5 {[%emt 0:00:24]} 40. Ra6 {[%emt 0:01:29]} a4 {[%emt 0:00:09]} 41. c4 {[%emt 0:31:59]} Rb3+ {[%emt 0:31:39]} 42. Kf4 {[%emt 0:00:00]} e3 {[%emt 0:00:00]} 43. fxe3 {[%emt 0:00:00]} Rb4 {[%emt 0:00:00]} 44. e4 Rxc4 45. Kf5 {[%emt 0:00:00]} Rc7 {[%emt 0:00:00]} 46. e5 {[%emt 0:00:00]} Kg7 {[%emt 0:00:00]} 47. Rg6+ {[%emt 0:00:00]} Kh7 {[%emt 0:00:00]} 48. Rb6 {[%emt 0:00:00]} Ra7 {[%emt 0:00:00]} 49. Rxb5 {[%emt 0:00:00]} a3 {[%emt 0:00:00]} 50. Rb1 {[%emt 0:00:00]} a2 {[%emt 0:00:00]} 51. Ra1 {[%emt 0:00:00]} Kg7 {[%emt 0:00:00]} 52. Ke6 {[%emt 0:00:00]} h5 {[%emt 0:00:00]} 53. Kf5 {[%emt 0:00:00]} Ra5 {[%emt 0:02:04]} 54. g4 {[%emt 0:00:00]} h4 {[%emt 0:00:37]} 55. g5 {[%emt 0:00:00]} Kf7 {[%emt 0:00:49]} 56. Kg4 {[%emt 0:00:00]} Ra4+ {[%emt 0:03:32]} 57. Kh5 {[%emt 0:00:00]} Kg8 {[%emt 0:01:32]} 58. Kh6 {[%emt 0:02:54]} Ra6+ {[%emt 0:00:39]} 59. g6 {[%emt 0:01:13]} Ra7 {[%emt 0:01:12]} 60. e6 {[%emt 0:01:16]} Kf8 {[%emt 0:00:53]} 61. Rf1+ {[%emt 0:01:54]} Kg8 {[%emt 0:00:33]} 62. Rd1 {[%emt 0:03:05]} Kf8 {[%emt 0:01:55]} 63. Ra1 {[%emt 0:00:08]} Ra6 {[%emt 0:00:39]} 64. Rf1+ {[%emt 0:02:27]} Ke7 {[%emt 0:00:17]} 65. g7 {[%emt 0:00:18]} Ra8 {[%emt 0:01:14]} 66. Kh7 {[%emt 0:00:24]} 1-0

[Event "Australian-ch 2020"]
[Site "Kogarah"]
[Date "2020.01.04"]
[Round "3.6"]
[White "O`Chee, Kevin"]
[Black "McGowan, Cameron"]
[Result "1-0"]
[WhiteElo "2156"]
[BlackElo "2221"]
[Annotator "ChessBase"]
[PlyCount "113"]
[EventDate "2020.01.02"]
[EventType "swiss"]
[EventCountry "AUS"]
[SourceTitle "playchess.com"]
[Source "ChessBase"]
[SourceQuality "1"]
[TimeControl "40/5400+30:1800+30"]

1. c4 {[%emt 0:00:00]} Nf6 {[%emt 0:00:00]} 2. Nc3 {[%emt 0:00:00]} g6 {[%emt 0:00:00]} 3. d4 {[%emt 0:00:34]} Bg7 {[%emt 0:00:00]} 4. g3 {[%emt 0:00:12]} O-O {[%emt 0:00:06]} 5. Bg2 {[%emt 0:01:47]} d6 {[%emt 0:00:08]} 6. Nf3 {[%emt 0:00:08]} Nbd7 {[%emt 0:00:05]} 7. O-O {[%emt 0:00:16]} e5 {[%emt 0:00:03]} 8. e4 {[%emt 0:00:14]} exd4 {[%emt 0:00:32]} 9. Nxd4 {[%emt 0:03:08]} Re8 {[%emt 0:00:00]} 10. h3 {[%emt 0:00:53]} a6 {[%emt 0:01:24]} 11. Re1 {[%emt 0:00:50]} Rb8 {[%emt 0:00:37]} 12. a4 {[%emt 0:00:34]} Nc5 {[%emt 0:01:41]} 13. a5 {[%emt 0:03:28]} Nfd7 {[%emt 0:07:24]} 14. Be3 {[%emt 0:03:12]} Ne5 {[%emt 0:03:31]} 15. b3 {[%emt 0:01:21]} Nc6 {[%emt 0:12:50]} 16. Rb1 {[%emt 0:03:31]} f5 {[%emt 0:16:31]} 17. Nxc6 {[%emt 0:09:17]} bxc6 {[%emt 0:00:11]} 18. Qc2 {[%emt 0:00:38]} Nxe4 {[%emt 0:07:44]} 19. Nxe4 {[%emt 0:03:40]} fxe4 {[%emt 0:00:03]} 20. Bxe4 {[%emt 0:03:18]} Bxh3 {[%emt 0:09:32]} 21. Bxc6 {[%emt 0:07:38]} Bf5 {[%emt 0:00:28]} 22. Qd2 {[%emt 0:00:36]} Rf8 {[%emt 0:09:05]} 23. Bg5 {[%emt 0:04:57]} Qc8 {[%emt 0:00:56]} 24. Be4 {[%emt 0:05:05]} Bxe4 {[%emt 0:06:33]} 25. Rxe4 {[%emt 0:00:18]} Qf5 {[%emt 0:00:04]} 26. Ree1 {[%emt 0:03:07]} h6 {[%emt 0:01:38]} 27. Be3 {[%emt 0:01:15]} Qf3 {[%emt 0:00:30]} 28. Qd1 {[%emt 0:02:53]} Bc3 {[%emt 0:03:06]} 29. Qxf3 {[%emt 0:14:06]} Rxf3 {[%emt 0:00:03]} 30. Kg2 {[%emt 0:01:36]} Rf5 {[%emt 0:09:05]} 31. Rec1 {[%emt 0:01:55]} Bxa5 {[%emt 0:00:04]} 32. Bxh6 {[%emt 0:00:45]} Bb6 {[%emt 0:01:57]} 33. f4 {[%emt 0:01:38]} Ra5 {[%emt 0:01:35]} 34. Re1 {[%emt 0:02:18]} Ra2+ {[%emt 0:00:47]} 35. Kf3 {[%emt 0:01:16]} Kf7 {[%emt 0:01:15]} 36. Bg5 {[%emt 0:02:05]} Re8 {[%emt 0:01:04]} 37. Rxe8 {[%emt 0:01:04]} Kxe8 {[%emt 0:00:13]} 38. Re1+ {[%emt 0:00:26]} Kf8 {[%emt 0:00:51]} 39. Re6 {[%emt 0:01:08]} Kf7 {[%emt 0:01:16]} 40. Re7+ {[%emt 0:00:54]} Kf8 {[%emt 0:00:11]} 41. Re6 {[%emt 0:32:17]} Ra3 {[%emt 0:08:18]} 42. Rxg6 {[%emt 0:00:00]} Rxb3+ {[%emt 0:00:03]} 43. Kg4 {[%emt 0:00:00]} a5 {[%emt 0:00:09]} 44. f5 {[%emt 0:00:00]} Bd4 {[%emt 0:01:51]} 45. f6 {[%emt 0:00:00]} Be3 {[%emt 0:05:34]} 46. Kf5 {[%emt 0:00:00]} a4 {[%emt 0:04:10]} 47. g4 {[%emt 0:00:00]} a3 {[%emt 0:08:35]} 48. Bh6+ {[%emt 0:00:00]} Bxh6 {[%emt 0:01:48]} 49. Rxh6 {[%emt 0:00:00]} Kg8 {[%emt 0:01:00]} 50. Kg6 {[%emt 0:00:00]} Rf3 {[%emt 0:00:08]} 51. Rh2 {[%emt 0:00:00]} Rf4 {[%emt 0:00:14]} 52. g5 {[%emt 0:00:00]} Rf3 {[%emt 0:00:49]} 53. Rd2 {[%emt 0:00:00]} Re3 {[%emt 0:02:37]} 54. c5 {[%emt 0:00:00]} Re6 {[%emt 0:00:18]} 55. Rd3 {[%emt 0:00:00]} Kf8 {[%emt 0:03:43]} 56. Rxa3 {[%emt 0:00:00]} Ke8 {[%emt 0:00:05]} 57. c6 {[%emt 0:00:00]} 1-0

[Event "Australian-ch 2020"]
[Site "Kogarah"]
[Date "2020.01.04"]
[Round "3.7"]
[White "Parle, Hughston"]
[Black "Hu, Jason"]
[Result "1/2-1/2"]
[WhiteElo "2057"]
[BlackElo "2159"]
[Annotator "TA"]
[PlyCount "45"]
[EventDate "2020.01.02"]
[EventType "swiss"]
[EventCountry "AUS"]
[SourceTitle "playchess.com"]
[Source "ChessBase"]
[SourceQuality "1"]

{[%evp 18,45,42,30,21,30,34,33,39,36,53,58,78,81,108,105,170,143,175,60,80,48,185,65,73,0,0,0,61,0]} 1. e4 c6 2. d4 d5 3. exd5 cxd5 4. Bd3 Nc6 5. c3 Nf6 6. Bf4 Bg4 7. Qb3 Na5 8. Qa4+ Bd7 9. Qc2 Qb6 10. a4 Rc8 {B13: Caro-Kann: Exchange Variation and Panov-Botvinnik Attack} 11. Nd2 Nc4 12. Nxc4 dxc4 13. Be2 {[#]} Qa5 $146 ({Predecessor:} 13... Bc6 14. Nf3 a5 15. O-O e6 16. Ne5 Bd5 17. Bf3 Bd6 {0-1 (57) Jovanic,O (2489)-Zelcic,R (2538) Marija Bistrica 2011}) 14. Nf3 Bf5 15. Qc1 Be4 16. O-O Qf5 (16... Bd5 $16) 17. Ne5 Bd5 {[#]} 18. Qe3 (18. a5 $1 $18) 18... h5 19. b3 {[%cal Rb3c4]} cxb3 {[#]} ({Black should play} 19... Bxg2 $1 $14 20. Bxc4 Nd5 21. Bxd5 Bxd5) 20. Bb5+ ({Only move:} 20. f3 $1 $18) 20... Bc6 $1 $14 21. Bd3 {[%mdl 1024] White has strong compensation.} Be4 $1 {[%cal Re4d3]} 22. Bb5+ Bc6 $1 {[%cal Rc6b5]} 23. Bd3 {Accuracy: White = 28%, Black = 29%.} (23. Bxc6+ $14 bxc6 24. c4) 1/2-1/2

[Event "Australian-ch 2020"]
[Site "Kogarah"]
[Date "2020.01.04"]
[Round "3.8"]
[White "Huynh, Arthur"]
[Black "Nakauchi, Gene"]
[Result "0-1"]
[WhiteElo "2136"]
[BlackElo "2150"]
[Annotator "TA"]
[PlyCount "58"]
[EventDate "2020.01.02"]
[EventType "swiss"]
[EventCountry "AUS"]
[SourceTitle "playchess.com"]
[Source "ChessBase"]
[SourceQuality "1"]

{[%evp 22,58,79,77,87,71,95,96,90,94,122,119,118,116,122,133,202,179,231,234,351,354,368,359,377,365,434,406,409,416,427,373,370,340,371,-478,-484,-29972,-2560]} 1. d4 Nf6 2. c4 c5 3. d5 e6 4. Nc3 exd5 5. cxd5 d6 6. e4 g6 7. h3 Bg7 8. Nf3 O-O 9. Bd3 Na6 10. O-O Rb8 11. Re1 Nc7 12. a4 a6 {A70: Modern Benoni: 6 e4 g6 7 Nf3} 13. a5 (13. Bf4 b5 14. axb5 axb5 15. Bf1 Rb6 16. Rc1 Nd7 17. Qd2 Re8 18. Bg5 f6 19. Be3 b4 20. Na4 {½-½ (28) Jojua,D (2565)-Benidze,D (2505) Tbilisi 2014}) 13... b5 14. axb6 Rxb6 {White is better.} 15. Nd2 Nb5 16. Nc4 Rb8 17. Bg5 Qc7 18. Bf4 {Nxb5 is the strong threat.} Ne8 (18... Rd8 $16 19. e5 Nxc3 20. bxc3 (20. exd6 Qa7 $16) 20... Nxd5 21. exd6 Qa7) 19. e5 $18 dxe5 $146 (19... Qd8 $142 20. Ne4 Bf5 21. Nexd6 (21. Rxa6 dxe5 22. Nxe5 Qxd5 $18) (21. exd6 Bxe4 22. d7 Bxd3 $16) 21... Nexd6) ({Predecessor:} 19... Qd8 20. Qf3 dxe5 21. Nxe5 {0-1 (32) Murawko,K (2031)-Kantane,A (2248) Jastrzebia Gora 2016}) 20. Nxe5 ({Don't do} 20. Bxe5 $6 Bxe5 21. Nxe5 (21. Rxe5 Ned6 $14) 21... Nd4 $16) 20... Nbd6 (20... Nxc3 {was worth a try.} 21. bxc3 Bxe5 22. Bxe5 Nd6) 21. Nc4 Qd8 22. Rxe8 $1 Rxe8 23. Nxd6 ({Less strong is} 23. Bxd6 Rxb2 24. Nxb2 Bxc3 $16) 23... Rxb2 24. Nxe8 Bxc3 25. Nd6 Bd4 26. Ra4 ({Stronger than} 26. Nxc8 Rxf2 27. Kh1 Rxf4 $15) 26... Bxf2+ 27. Kh2 Bxh3 {( -> ...Qh4)} 28. Be5 $4 {[%mdl 8192]} (28. Qf3 $18 {was the only winning move.} Bxg2 29. Kxg2 Bd4+ 30. Be2) 28... Qg5 $1 $19 {[%csl Gh3,LRe5,LRg2][%cal Rg5g2][%mdl 64] [#] Double Attack} 29. Kxh3 (29. Qf3 $19 Qxe5+ {[%mdl 64] Double Attack} 30. Qf4 Qxf4+ 31. Rxf4) 29... Rd2 {Accuracy: White = 65%, Black = 71%.} 0-1